1市町村としか隣接していない市町村 (2000年) - Statistics

General Stats
  • This quiz has been taken 48 times
  • The average score is 32 of 47
Answer Stats
都道府県 隣接市町村 市町村名 % Correct
北海道 利尻町 利尻富士町
100%
北海道 利尻富士町 利尻町
100%
神奈川県 横須賀市 三浦市
97%
鳥取県 米子市 日吉津村
92%
鳥取県 米子市 境港市
89%
広島県 瀬戸田町 因島市
89%
広島県 因島市 瀬戸田町
89%
広島県 豊町 豊浜町
87%
広島県 豊浜町 豊町
87%
広島県 倉橋町 音戸町
87%
広島県 音戸町 倉橋町
87%
愛知県 美浜町 南知多町
84%
和歌山県 那智勝浦町 太地町
84%
広島県 広島市 府中町
82%
愛媛県 上浦町 大三島町
76%
愛媛県 大三島町 上浦町
76%
鹿児島県 鹿島村 下甑村
76%
鹿児島県 里村 上甑村
76%
鹿児島県 屋久町 上屋久町
76%
鹿児島県 上屋久町 屋久町
76%
愛媛県 宮窪町 吉海町
74%
鹿児島県 東町 長島町
74%
鹿児島県 下甑村 鹿島村
74%
鹿児島県 上甑村 里村
74%
鹿児島県 中種子町 西之表市
74%
鹿児島県 中種子町 南種子町
74%
鹿児島県 知名町 和泊町
74%
鹿児島県 和泊町 知名町
74%
愛媛県 吉海町 宮窪町
71%
鹿児島県 長島町 東町
71%
沖縄県 仲里村 具志川村
66%
沖縄県 具志川村 仲里村
66%
香川県 玉野市 直島町
58%
静岡県 湖西市 新居町
55%
鹿児島県 龍郷町 笠利町
53%
新潟県 羽茂町 小木町
47%
愛媛県 瀬戸町 三崎町
47%
広島県 大柿町 江田島町
45%
広島県 尾道市 向島町
39%
三重県 大王町 志摩町
37%
長崎県 長崎市 香焼町
34%
香川県 牟礼町 庵治町
32%
長崎県 美津島町 厳原町
32%
長崎県 三和町 野母崎町
32%
島根県 西郷町 布施村
26%
広島県 能美町 沖美町
26%
山口県 橘町 東和町
26%
No matching quizzes found
Score Distribution
Percent of People with Each Score
Percentile by Number Answered
Your Score History
You have not taken this quiz